| 000 | 00862nam a2200289 i 4500 | ||
|---|---|---|---|
| 999 |
_c7624 _d7624 |
||
| 001 | 7624 | ||
| 003 | BD-JhCC | ||
| 005 | 20180212131621.0 | ||
| 008 | 770127s1975 pk b b 001 0 eng | ||
| 020 | _cTk25.00 | ||
| 035 | _a(BD-JhCC) | ||
| 040 |
_aDLC _cDLC _dDLC |
||
| 041 | _aeng | ||
| 050 | 0 | 0 |
_aDS395 _b.K37 1975 |
| 082 | 0 | 0 |
_a954.9/2 _bKAM 1975 |
| 100 | 0 | _aKamruddin Ahmad. | |
| 245 | 1 | 2 |
_aA socio political history of Bengal and the birth of Bangladesh / _cKamruddin Ahmad. |
| 250 | _a4th ed. | ||
| 260 |
_aDacca : _bZahiruddin Mahmud Inside Library, _c1975. |
||
| 300 |
_a[a]-o, xl, 420 p. : _bmap ; _c23 cm. |
||
| 500 | _aFirst ed., 1967, published under title: The social history of East Pakistan. | ||
| 500 | _aIncludes index. | ||
| 504 | _aBibliography: p. [416]-417. | ||
| 651 | 0 |
_aBangladesh _xHistory. |
|
| 942 |
_2ddc _cBK |
||